[Event "37 Open Vila de Sitges 2011"]
[Site "Sitges (ESP)"]
[Date "2011.07.22"]
[Round "1.2"]
[White "Kaeding, Rainer"]
[Black "Barsov, Alexei"]
[Result "0-1"]
[WhiteElo "2167"]
[BlackElo "2534"]
[PlyCount "51"]
[EventDate "2011.07.22"]
[EventType "swiss"]
[EventRounds "9"]
[EventCountry "ESP"]

1. e4 e6 2. d4 d5 3. exd5 exd5 4. Bd3 c5 5. c3 Nc6 6. Qe2+ Be7 7. dxc5 Nf6 8.
Nf3 O-O 9. b4 Re8 10. Be3 a5 11. Bb5 axb4 12. cxb4 Ng4 13. Bxc6 bxc6 14. Nd4
Bf6 15. Qd2 Bxd4 16. Qxd4 Re4 17. Qd2 Nxe3 18. fxe3 Qf6 19. Nc3 Rxb4 20. Rc1
Rc4 21. Ne2 Ba6 22. Rf1 Rxc1+ 23. Qxc1 Qh4+ 24. Rf2 Bxe2 25. g3 Qc4 26. Qd1 0-1

[Event "37 Open Vila de Sitges 2011"]
[Site "Sitges (ESP)"]
[Date "2011.07.22"]
[Round "1.4"]
[White "Lasinskas, Povilas"]
[Black "Cabrera, Alexis"]
[Result "0-1"]
[WhiteElo "2148"]
[BlackElo "2530"]
[PlyCount "80"]
[EventDate "2011.07.22"]
[EventType "swiss"]
[EventRounds "9"]
[EventCountry "ESP"]

1. d4 Nf6 2. Nf3 g6 3. c4 Bg7 4. Nc3 O-O 5. Bg5 c5 6. e3 cxd4 7. Nxd4 Qa5 8.
Bxf6 Bxf6 9. Qd2 Bg7 10. Be2 Nc6 11. O-O d6 12. Rfd1 Nxd4 13. exd4 Bd7 14. Rab1
e6 15. b4 Qc7 16. a4 Rad8 17. Qa2 Qb8 18. Qa3 Rfe8 19. h3 f5 20. Bf3 e5 21.
Bd5+ Kh8 22. dxe5 dxe5 23. Ne2 e4 24. f4 exf3 25. Bxf3 g5 26. Rd2 g4 27. hxg4
fxg4 28. Bd5 Qe5 29. Qg3 Qg5 30. Qf4 Qg6 31. Rbd1 Rf8 32. Qc7 Bxa4 33. Rf1
Rxf1+ 34. Kxf1 Qb1+ 35. Kf2 Rf8+ 36. Nf4 Qc1 37. Ke2 Bc3 38. Ng6+ hxg6 39. Qh2+
Kg7 40. Qc7+ Kh6 0-1

[Event "37 Open Vila de Sitges 2011"]
[Site "Sitges (ESP)"]
[Date "2011.07.22"]
[Round "1.5"]
[White "Gonzalez Garcia, Jose"]
[Black "Menac Comas, Joan Ramon"]
[Result "1-0"]
[WhiteElo "2522"]
[BlackElo "2143"]
[PlyCount "70"]
[EventDate "2011.07.22"]
[EventType "swiss"]
[EventRounds "9"]
[EventCountry "ESP"]

1. d4 Nf6 2. c4 c5 3. d5 a6 4. Nf3 b5 5. Qc2 Qa5+ 6. Nbd2 g6 7. e4 d6 8. Bd3
Bg7 9. O-O O-O 10. h3 Nbd7 11. Re1 Bb7 12. a4 b4 13. Nb3 Qc7 14. Bf4 Nh5 15.
Bh2 e5 16. dxe6 fxe6 17. Ng5 Rae8 18. e5 Nxe5 19. Bxe5 Bxe5 20. Rxe5 dxe5 21.
Bxg6 Nf4 22. Bxe8 Rxe8 23. g3 Nxh3+ 24. Nxh3 Qc6 25. f3 Qxf3 26. Kh2 Be4 27.
Rf1 Qxf1 28. Qxe4 Qf5 29. Nxc5 Rc8 30. Qe3 e4 31. Nxe4 Rxc4 32. Nhf2 Rc2 33. b3
e5 34. Kg2 Rc6 35. Qd2 Rf6 1-0

[Event "37 Open Vila de Sitges 2011"]
[Site "Sitges (ESP)"]
[Date "2011.07.22"]
[Round "1.6"]
[White "Ludvigsen, Frode"]
[Black "Oratovsky, Michael"]
[Result "0-1"]
[WhiteElo "2134"]
[BlackElo "2521"]
[PlyCount "83"]
[EventDate "2011.07.22"]
[EventType "swiss"]
[EventRounds "9"]
[EventCountry "ESP"]

1. d4 d6 2. c4 e5 3. Nf3 e4 4. Ng5 f5 5. Nc3 c6 6. g3 Be7 7. h4 Nf6 8. Qb3 Na6
9. Nh3 Nc7 10. Bg5 Ne6 11. e3 Nxg5 12. hxg5 Ng4 13. Be2 Bxg5 14. Bxg4 fxg4 15.
Nxg5 Qxg5 16. Nxe4 Qg6 17. Nc3 O-O 18. Rh2 Rf7 19. e4 Be6 20. d5 cxd5 21. cxd5
Bc8 22. O-O-O b6 23. Qa4 Bd7 24. Qd4 Rc8 25. Kb1 b5 26. b3 a5 27. Re1 Re7 28.
Re3 b4 29. Ne2 Rxe4 30. Rxe4 Re8 31. Nf4 Rxe4 32. Qd3 Re1+ 33. Kc2 Qxd3+ 34.
Kxd3 Ra1 35. f3 gxf3 36. Ke3 Bg4 37. Nd3 h5 38. Rc2 Rd1 39. Rc6 Rxd3+ 40. Kxd3
f2 41. Rc1 Bh3 42. Kd4 0-1

[Event "37 Open Vila de Sitges 2011"]
[Site "Sitges (ESP)"]
[Date "2011.07.22"]
[Round "1.7"]
[White "Movsziszian, Karen"]
[Black "Castaner Halster, Xavier"]
[Result "1-0"]
[WhiteElo "2493"]
[BlackElo "2131"]
[PlyCount "76"]
[EventDate "2011.07.22"]
[EventType "swiss"]
[EventRounds "9"]
[EventCountry "ESP"]

1. g3 Nf6 2. Bg2 d5 3. Nf3 Bf5 4. d3 e6 5. O-O h6 6. Qe1 Be7 7. Nc3 O-O 8. e4
Bh7 9. Ne5 c5 10. Kh1 Nc6 11. Nxc6 bxc6 12. Qe2 Nd7 13. f4 Nb6 14. g4 c4 15. f5
cxd3 16. cxd3 d4 17. Nd1 e5 18. b3 a5 19. a4 Nd7 20. Qc2 Rb8 21. Rb1 Qb6 22.
Bf3 Kh8 23. Rg1 Qc5 24. Qg2 Bg5 25. Bxg5 hxg5 26. h4 Qe7 27. Nf2 Nc5 28. Rgc1
f6 29. Qh3 Rfc8 30. hxg5 fxg5 31. Rxc5 Qxc5 32. Kg2 Qd6 33. Rh1 Qh6 34. Qg3 Qf6
35. Qh2 Qh6 36. Qxe5 Qf6 37. Qh2 Qh6 38. Qg3 Rb6 1-0

[Event "37 Open Vila de Sitges 2011"]
[Site "Sitges (ESP)"]
[Date "2011.07.22"]
[Round "1.8"]
[White "Layola Barrionuevo, Javier"]
[Black "Delgado Ramos, Hector"]
[Result "0-1"]
[WhiteElo "2115"]
[BlackElo "2488"]
[PlyCount "60"]
[EventDate "2011.07.22"]
[EventType "swiss"]
[EventRounds "9"]
[EventCountry "ESP"]

1. e4 c5 2. Nf3 d6 3. d4 cxd4 4. Nxd4 Nf6 5. Nc3 g6 6. f3 Bg7 7. Be3 Nc6 8. Qd2
h5 9. Nxc6 bxc6 10. Be2 Qa5 11. O-O Rb8 12. Rab1 Be6 13. b4 Qc7 14. a3 O-O 15.
Bd3 Bd7 16. Qf2 a5 17. Ne2 axb4 18. axb4 Ra8 19. c4 Ra3 20. Rfd1 Rb8 21. b5 Qa5
22. Bd2 Qa8 23. Bf4 Ne8 24. Qh4 Bf6 25. Bg5 Qa7+ 26. Kh1 Qc5 27. Bxf6 Nxf6 28.
g4 Qe3 29. gxh5 Qxf3+ 30. Kg1 Rxd3 0-1

[Event "37 Open Vila de Sitges 2011"]
[Site "Sitges (ESP)"]
[Date "2011.07.22"]
[Round "1.10"]
[White "Do Santos Julio, Joao Manuel"]
[Black "Karlsson, Lars"]
[Result "0-1"]
[WhiteElo "2104"]
[BlackElo "2482"]
[PlyCount "81"]
[EventDate "2011.07.22"]
[EventType "swiss"]
[EventRounds "9"]
[EventCountry "ESP"]

1. e4 c5 2. Nf3 Nc6 3. d4 cxd4 4. Nxd4 Nf6 5. f3 e6 6. c4 d5 7. exd5 exd5 8.
Nxc6 bxc6 9. Bd3 Bc5 10. Qe2+ Be6 11. Bg5 O-O 12. cxd5 Bxd5 13. Bxh7+ Nxh7 14.
Bxd8 Raxd8 15. Nc3 Rfe8 16. Ne4 Bb4+ 17. Kf2 f5 18. a3 Ba5 19. Nc5 Rxe2+ 20.
Kxe2 Bc4+ 21. Ke3 Bd2+ 22. Kf2 Re8 23. b4 Re2+ 24. Kg3 f4+ 25. Kh4 Rxg2 26.
Rag1 Re2 27. Ne4 Be3 28. Rg6 Bd5 29. Nc3 Bxf3 30. Nxe2 Bxh1 31. Re6 Kf7 32. Re5
Kf6 33. Re8 Bf3 34. Ng3 g5+ 35. Kh3 g4+ 36. Kh4 Bf2 37. Rh8 fxg3 38. hxg3 Ng5
39. Rh6+ Kg7 40. Kh5 Ne4 41. Re6 0-1

[Event "37 Open Vila de Sitges 2011"]
[Site "Sitges (ESP)"]
[Date "2011.07.23"]
[Round "2.1"]
[White "Lacasa Diaz, Jose Antonio"]
[Black "Moskalenko, Viktor"]
[Result "1/2-1/2"]
[WhiteElo "2392"]
[BlackElo "2591"]
[PlyCount "160"]
[EventDate "2011.07.22"]
[EventType "swiss"]
[EventRounds "9"]
[EventCountry "ESP"]

1. e4 e6 2. d4 d5 3. Nc3 Bb4 4. e5 c5 5. a3 Bxc3+ 6. bxc3 Qa5 7. Bd2 Qa4 8. Qg4
g6 9. Nf3 c4 10. Be2 Nc6 11. Qf4 h6 12. Ra2 Bd7 13. O-O Rh7 14. h4 O-O-O 15.
Nh2 Rf8 16. Ng4 Qa5 17. a4 Qd8 18. Qg3 Nce7 19. Ne3 f6 20. f4 h5 21. Bc1 Nh6
22. Ba3 Nef5 23. Nxf5 Nxf5 24. Qf2 Rff7 25. exf6 Qxf6 26. g3 Bxa4 27. Bc5 b5
28. Qf3 Rc7 29. Re1 Rxc5 30. dxc5 Qf8 31. Qf2 Rc7 32. Bf1 Rc6 33. Bh3 Kd7 34.
Re2 Qxc5 35. Qxc5 Rxc5 36. Kf2 Ke7 37. Bxf5 gxf5 38. Re5 Kd6 39. Re1 Rc7 40.
Re2 Rg7 41. Re5 Rg6 42. Re2 Kc5 43. Re1 a5 44. Re5 Kd6 45. Re1 Rg7 46. Re2 Ra7
47. Ke3 Kc5 48. Kd2 Rg7 49. Re3 Rg6 50. Ra1 Kd6 51. Ra2 Rg7 52. Ra1 Ra7 53. Re5
Ra6 54. Ra2 Ra7 55. Re3 Rg7 56. Ra3 Rg4 57. Ra1 Rg7 58. Ra3 Ra7 59. Ra1 Ra6 60.
Ra2 Ra8 61. Ra3 Rg8 62. Ra1 Rg6 63. Re5 Rg7 64. Ra2 Ra7 65. Ra1 Ra6 66. Ra2 Ra7
67. Re3 Rg7 68. Ra3 Ra7 69. Ra1 Ra6 70. Ra2 Ra8 71. Re5 Ra6 72. Ra3 Ra8 73. Ra1
Ra6 74. Ra2 Bb3 75. Ra1 Ba4 76. Ra2 Ra8 77. Ra1 Ra7 78. Ra3 Ra6 79. Ra1 Kc5 80.
Ra3 Kd6 1/2-1/2

[Event "37 Open Vila de Sitges 2011"]
[Site "Sitges (ESP)"]
[Date "2011.07.23"]
[Round "2.2"]
[White "Barsov, Alexei"]
[Black "Lorenzo De La Riva, Lazaro"]
[Result "1-0"]
[WhiteElo "2534"]
[BlackElo "2391"]
[PlyCount "71"]
[EventDate "2011.07.22"]
[EventType "swiss"]
[EventRounds "9"]
[EventCountry "ESP"]

1. d4 d6 2. Nf3 Bg4 3. e4 Nf6 4. Nc3 c6 5. Be2 d5 6. h3 Bxf3 7. Bxf3 e6 8. O-O
Be7 9. Qd3 O-O 10. Be3 Nbd7 11. Rad1 Rc8 12. g3 a6 13. Bg2 b5 14. e5 Ne8 15. f4
f5 16. exf6 Nexf6 17. Qe2 Bd6 18. Nb1 g6 19. Nd2 Qc7 20. Kh2 Nh5 21. Nf3 Ng7
22. Rd3 Rce8 23. Qe1 Nf5 24. Bf2 Rf7 25. Rd2 Bf8 26. Re2 Rfe7 27. g4 Ng7 28.
Bg3 Qb6 29. c3 c5 30. dxc5 Qxc5 31. Nd4 Kh8 32. Bh4 Qd6 33. Bxe7 Rxe7 34. Kh1
Nc5 35. Re3 Rf7 36. b4 1-0

[Event "37 Open Vila de Sitges 2011"]
[Site "Sitges (ESP)"]
[Date "2011.07.23"]
[Round "2.3"]
[White "Getz, Nicolai"]
[Black "Bacallao Alonso, Yusnel"]
[Result "1-0"]
[WhiteElo "2385"]
[BlackElo "2532"]
[PlyCount "54"]
[EventDate "2011.07.22"]
[EventType "swiss"]
[EventRounds "9"]
[EventCountry "ESP"]

1. d4 Nf6 2. c4 g6 3. Nc3 d5 4. Nf3 Bg7 5. e3 O-O 6. b4 b6 7. Ba3 Bb7 8. Qb3 c6
9. Rc1 Nbd7 10. Be2 Re8 11. O-O a6 12. Rfd1 b5 13. cxd5 Nxd5 14. Bb2 N7b6 15.
Ne5 Rf8 16. Ne4 Qc7 17. Rc2 Rac8 18. Rdc1 Na4 19. Ba1 Rfd8 20. Bf3 e6 21. a3 a5
22. bxa5 Qxa5 23. h4 Rc7 24. Nd3 Nab6 25. Ndc5 Ba8 26. Be2 Re7 27. h5 Nd7 1-0

[Event "37 Open Vila de Sitges 2011"]
[Site "Sitges (ESP)"]
[Date "2011.07.23"]
[Round "2.5"]
[White "Fernandez Aguado, Enrique"]
[Black "Gonzalez Garcia, Jose"]
[Result "1-0"]
[WhiteElo "2355"]
[BlackElo "2522"]
[PlyCount "113"]
[EventDate "2011.07.22"]
[EventType "swiss"]
[EventRounds "9"]
[EventCountry "ESP"]

1. e4 c5 2. Nf3 e6 3. d4 cxd4 4. Nxd4 Nc6 5. Nb5 d6 6. c4 Nf6 7. N1c3 a6 8. Na3
b6 9. Be2 Bb7 10. O-O Be7 11. Be3 O-O 12. f3 Rc8 13. Qb3 Nd7 14. Rfd1 Re8 15.
Bf1 d5 16. cxd5 Na5 17. Qa4 b5 18. Naxb5 axb5 19. Bxb5 Bc5 20. Bxc5 Nxc5 21.
Qd4 e5 22. Qe3 Nd7 23. Na4 Nc4 24. Qa7 Nd6 25. Bxd7 Qxd7 26. Nb6 Qb5 27. Nxc8
Rxc8 28. Qf2 f5 29. exf5 Nxf5 30. Qe1 Ne7 31. Rdc1 Rd8 32. Rc3 Qb6+ 33. Kh1
Nxd5 34. Rb3 Qc7 35. Rc1 Qe7 36. Qa5 Rf8 37. Qa7 Qg5 38. Rg1 Bc8 39. Rb8 Ne7
40. Qc5 h6 41. Re1 Qd2 42. Qe3 Qd6 43. Rb6 Nc6 44. b4 Qd5 45. b5 Na5 46. Rb8
Nc4 47. Qe4 Be6 48. Rxf8+ Kxf8 49. Qb1 Kf7 50. Qb4 Qd4 51. Rb1 Qf2 52. b6 Ne3
53. Qb2 Nc2 54. b7 Bh3 55. Qb3+ Be6 56. b8=Q Ne1 57. Qg8+ 1-0

[Event "37 Open Vila de Sitges 2011"]
[Site "Sitges (ESP)"]
[Date "2011.07.23"]
[Round "2.6"]
[White "Oratovsky, Michael"]
[Black "Vidarte Morales, Arturo"]
[Result "1-0"]
[WhiteElo "2521"]
[BlackElo "2359"]
[PlyCount "131"]
[EventDate "2011.07.22"]
[EventType "swiss"]
[EventRounds "9"]
[EventCountry "ESP"]

1. e4 c5 2. Nf3 e6 3. d3 Nc6 4. g3 Nge7 5. Bg2 d5 6. Nbd2 g6 7. exd5 Nxd5 8.
O-O Bg7 9. Re1 b6 10. Nc4 O-O 11. a4 h6 12. c3 Rb8 13. Bd2 Bb7 14. Qc1 h5 15.
Ng5 Nce7 16. Ne4 Nf5 17. h3 Nde7 18. Bf4 Qxd3 19. Bxb8 Rxb8 20. Qf4 Qd8 21.
Rad1 Nd5 22. Qc1 Qc7 23. h4 a6 24. Qc2 b5 25. axb5 axb5 26. Ncd2 c4 27. Nf3 b4
28. Nfg5 bxc3 29. bxc3 Re8 30. Rb1 Bc6 31. Bf1 f6 32. Nf3 Nb6 33. Qb2 Bxe4 34.
Rxe4 Nd6 35. Ree1 Nd5 36. Nd4 Qd7 37. Bg2 f5 38. Rxe6 Nxc3 39. Rxe8+ Nxe8 40.
Qxc3 Qxd4 41. Qxd4 Bxd4 42. Bd5+ Kg7 43. Bxc4 Nf6 44. Rd1 Bc5 45. Kg2 Ng4 46.
Rd7+ Kf8 47. Rf7+ Ke8 48. Rg7 Bxf2 49. Rxg6 Bd4 50. Bb5+ Kf7 51. Rg5 Bf6 52.
Rxh5 Ne3+ 53. Kf3 Nc2 54. Rh7+ Bg7 55. Bc4+ Kg6 56. Bg8 Nd4+ 57. Ke3 f4+ 58.
Kxf4 Ne6+ 59. Kg4 Nf8 60. Rh5 Bf6 61. Bb3 Bb2 62. Bc2+ Kf6 63. Rf5+ Kg7 64. Rb5
Bc1 65. Bf5 Kf6 66. Kh5 1-0

[Event "37 Open Vila de Sitges 2011"]
[Site "Sitges (ESP)"]
[Date "2011.07.23"]
[Round "2.7"]
[White "Pulvett, Daniel"]
[Black "Movsziszian, Karen"]
[Result "1-0"]
[WhiteElo "2303"]
[BlackElo "2493"]
[PlyCount "57"]
[EventDate "2011.07.22"]
[EventType "swiss"]
[EventRounds "9"]
[EventCountry "ESP"]

1. d4 d6 2. c4 f5 3. Nc3 Nf6 4. Bg5 Nbd7 5. Qc2 g6 6. O-O-O Bg7 7. h4 O-O 8.
Nh3 e5 9. dxe5 dxe5 10. h5 h6 11. Bxf6 Qxf6 12. Nd5 Qd8 13. hxg6 c6 14. Ne3 Qf6
15. c5 Qxg6 16. g4 Nb8 17. gxf5 Bxf5 18. Nxf5 Qxf5 19. e4 Qc8 20. Bc4+ Kh8 21.
Ng5 Na6 22. Qc3 Qe8 23. Ne6 Rf6 24. Nxg7 Kxg7 25. Rhg1+ Rg6 26. Rxg6+ Kxg6 27.
Rd6+ Kh7 28. Qh3 Qf8 29. Rd7+ 1-0

[Event "37 Open Vila de Sitges 2011"]
[Site "Sitges (ESP)"]
[Date "2011.07.23"]
[Round "2.8"]
[White "Delgado Ramos, Hector"]
[Black "Thakur, Akash"]
[Result "1/2-1/2"]
[WhiteElo "2488"]
[BlackElo "2327"]
[PlyCount "77"]
[EventDate "2011.07.22"]
[EventType "swiss"]
[EventRounds "9"]
[EventCountry "ESP"]

1. d4 d5 2. c4 c6 3. Nc3 Nf6 4. cxd5 cxd5 5. Bf4 Nc6 6. e3 Bf5 7. Bb5 e6 8. Qa4
Qb6 9. Nf3 Nd7 10. O-O Be7 11. Qb3 a6 12. Bxc6 bxc6 13. Qxb6 Nxb6 14. Bc7 Nd7
15. Na4 Rc8 16. Ba5 Bc2 17. b3 Ba3 18. Bc3 Ke7 19. Bb2 Bxb2 20. Nxb2 c5 21.
Rfc1 Be4 22. dxc5 Bxf3 23. gxf3 Nxc5 24. Rc3 Nd7 25. Rac1 Rxc3 26. Rxc3 Kd6 27.
b4 Rb8 28. Nd3 e5 29. Ra3 Rb6 30. Ra5 Nb8 31. a3 Nc6 32. Ra4 a5 33. bxa5 Ra6
34. Kf1 Rxa5 35. Rxa5 Nxa5 36. Ke2 Nc4 37. a4 Kc6 38. e4 dxe4 39. fxe4 1/2-1/2

[Event "37 Open Vila de Sitges 2011"]
[Site "Sitges (ESP)"]
[Date "2011.07.23"]
[Round "2.9"]
[White "Hjelmaas, Lars"]
[Black "Munoz Pantoja, Miguel"]
[Result "0-1"]
[WhiteElo "2286"]
[BlackElo "2482"]
[PlyCount "60"]
[EventDate "2011.07.22"]
[EventType "swiss"]
[EventRounds "9"]
[EventCountry "ESP"]

1. d4 Nf6 2. c4 c5 3. d5 g6 4. Nc3 Bg7 5. e4 O-O 6. f4 d6 7. Nf3 e6 8. Be2 exd5
9. cxd5 Bg4 10. O-O Nbd7 11. h3 Bxf3 12. Bxf3 a6 13. g4 b5 14. g5 Ne8 15. h4 c4
16. h5 Nc5 17. hxg6 fxg6 18. e5 dxe5 19. d6 Nd3 20. d7 Qxd7 21. f5 gxf5 22.
Bd5+ Kh8 23. Kg2 Nc7 24. Bxa8 Rxa8 25. Qf3 Rf8 26. Qh3 Qc6+ 27. Kg1 b4 28. Ne2
f4 29. b3 f3 30. Ng3 e4 0-1

[Event "37 Open Vila de Sitges 2011"]
[Site "Sitges (ESP)"]
[Date "2011.07.23"]
[Round "2.11"]
[White "Avila Jimenez, Javier"]
[Black "Cruz, Cristhian"]
[Result "1/2-1/2"]
[WhiteElo "2257"]
[BlackElo "2470"]
[PlyCount "39"]
[EventDate "2011.07.22"]
[EventType "swiss"]
[EventRounds "9"]
[EventCountry "ESP"]

1. d4 e6 2. c4 f5 3. Nc3 Nf6 4. f3 d5 5. e3 Bd6 6. Qc2 O-O 7. Bd2 c6 8. Bd3 Qe7
9. Nge2 e5 10. c5 Bc7 11. Bxf5 Bxf5 12. Qxf5 Ne4 13. Qg4 Nxd2 14. Kxd2 b6 15.
b4 Nd7 16. Rhe1 Rab8 17. Rab1 Nf6 18. Qg5 Rfe8 19. Kc2 h6 20. Qg6 1/2-1/2

[Event "37 Open Vila de Sitges 2011"]
[Site "Sitges (ESP)"]
[Date "2011.07.24"]
[Round "3.2"]
[White "Getz, Nicolai"]
[Black "Cabrera, Alexis"]
[Result "0-1"]
[WhiteElo "2385"]
[BlackElo "2530"]
[PlyCount "84"]
[EventDate "2011.07.22"]
[EventType "swiss"]
[EventRounds "9"]
[EventCountry "ESP"]

1. d4 Nf6 2. c4 c5 3. d5 b5 4. Qc2 bxc4 5. e4 d6 6. Bxc4 g6 7. b3 Nxe4 8. Bb2
Nf6 9. Nf3 Bg7 10. O-O O-O 11. Nc3 Nbd7 12. Rfe1 Nb6 13. Nd2 Nxc4 14. Nxc4 e5
15. dxe6 Bxe6 16. Rad1 d5 17. Ne5 Rc8 18. Ne2 Qa5 19. Bc3 Qa6 20. Nf4 Bf5 21.
Qe2 Qxe2 22. Rxe2 d4 23. Bb2 Ne4 24. g4 Bxe5 25. gxf5 gxf5 26. Nd3 Bg7 27. Rde1
c4 28. bxc4 Rxc4 29. f3 Ng5 30. Kf2 Ne6 31. Kg3 Bh6 32. Kh4 Bg5+ 33. Kh5 Bf6
34. Ne5 Nf4+ 35. Kh6 Bg7+ 36. Kg5 Bxe5 37. Rxe5 f6+ 38. Kxf4 fxe5+ 39. Rxe5 Rd8
40. Kxf5 d3 41. Kf6 Rc6+ 42. Ke7 d2 0-1

[Event "37 Open Vila de Sitges 2011"]
[Site "Sitges (ESP)"]
[Date "2011.07.24"]
[Round "3.3"]
[White "Fernandez Aguado, Enrique"]
[Black "Oratovsky, Michael"]
[Result "0-1"]
[WhiteElo "2355"]
[BlackElo "2521"]
[PlyCount "74"]
[EventDate "2011.07.22"]
[EventType "swiss"]
[EventRounds "9"]
[EventCountry "ESP"]

1. e4 c5 2. Nf3 e6 3. d4 cxd4 4. Nxd4 a6 5. Bd3 Bc5 6. Nb3 Be7 7. Qe2 d6 8. Be3
Nf6 9. Nc3 Nbd7 10. f4 b5 11. a3 Bb7 12. O-O Qc7 13. Kh1 h5 14. Bd4 h4 15. Rf3
h3 16. g4 e5 17. g5 exd4 18. Nxd4 Nc5 19. gxf6 Bxf6 20. Nd5 Bxd5 21. exd5+ Kf8
22. Nc6 Bxb2 23. Rb1 Bf6 24. c4 bxc4 25. Bxc4 Qd7 26. Re3 g6 27. f5 g5 28. Qf3
Rh4 29. Bf1 Rf4 30. Qxh3 Kg7 31. Rg3 Ne4 32. Qg2 Nxg3+ 33. hxg3 Rh8+ 34. Kg1
Qa7+ 35. Nxa7 Bd4+ 36. Qf2 Rxf2 37. Nc6 Bc5 0-1

[Event "37 Open Vila de Sitges 2011"]
[Site "Sitges (ESP)"]
[Date "2011.07.24"]
[Round "3.4"]
[White "Munoz Pantoja, Miguel"]
[Black "Pulvett, Daniel"]
[Result "1-0"]
[WhiteElo "2482"]
[BlackElo "2303"]
[PlyCount "130"]
[EventDate "2011.07.22"]
[EventType "swiss"]
[EventRounds "9"]
[EventCountry "ESP"]

1. e4 c5 2. Nf3 e6 3. d4 cxd4 4. Nxd4 a6 5. c4 Nf6 6. Nc3 Qc7 7. Be3 Bb4 8. Bd3
Nc6 9. Nxc6 Qxc6 10. Qb3 Bc5 11. Bxc5 Qxc5 12. O-O d6 13. Na4 Qc6 14. Nb6 Rb8
15. Rad1 e5 16. Bc2 Bg4 17. Rd2 O-O 18. f3 Qc5+ 19. Kh1 Be6 20. Rfd1 Rfd8 21.
a3 Kf8 22. Bb1 g5 23. Ba2 Ke7 24. Bb1 h5 25. g3 h4 26. g4 h3 27. Bc2 a5 28. Bb1
a4 29. Nxa4 Qxc4 30. Qxc4 Bxc4 31. Nb6 Bb3 32. Bc2 Be6 33. Ba4 Nh7 34. Bb5 Nf8
35. Kg1 Ng6 36. Kf2 Nf4 37. Ba4 f6 38. Kg3 Bf7 39. Rc1 Be6 40. Rc7+ Kf8 41. Bd7
d5 42. exd5 Bf7 43. d6 Kg8 44. Bf5 Ne6 45. Nd7 Rxd7 46. Rxd7 Nd4 47. Kf2 Kf8
48. Rd3 Bd5 49. Rc7 Rd8 50. Rc8 Rxc8 51. Bxc8 Ke8 52. Rc3 Kd8 53. Bf5 Bc6 54.
a4 Nxf5 55. gxf5 Kd7 56. Kg3 Kxd6 57. Kxh3 Bxa4 58. Kg4 Be8 59. Rc8 Bf7 60. Rb8
Bd5 61. Rd8+ Kc5 62. Rf8 b5 63. Rxf6 Kb4 64. Rb6 Bc4 65. f6 Kb3 1-0

[Event "37 Open Vila de Sitges 2011"]
[Site "Sitges (ESP)"]
[Date "2011.07.24"]
[Round "3.5"]
[White "Karlsson, Lars"]
[Black "Deshpande, Aniruddha"]
[Result "1-0"]
[WhiteElo "2482"]
[BlackElo "2228"]
[PlyCount "91"]
[EventDate "2011.07.22"]
[EventType "swiss"]
[EventRounds "9"]
[EventCountry "ESP"]

1. Nf3 d5 2. b3 Bg4 3. Bb2 Nd7 4. g3 Ngf6 5. Bg2 e6 6. O-O Bd6 7. d4 O-O 8. Ne5
Bf5 9. Nd2 c6 10. Nd3 Re8 11. Nf3 h6 12. c4 a5 13. Nfe5 Be4 14. f3 Bxd3 15.
exd3 Bxe5 16. dxe5 Nh7 17. f4 Qb6+ 18. Rf2 d4 19. Ba3 c5 20. g4 f6 21. exf6
Ndxf6 22. Bc1 g6 23. Bd2 h5 24. h3 hxg4 25. hxg4 Re7 26. g5 Ne8 27. Be4 Nf8 28.
Qf3 Nd6 29. Rh2 Qc7 30. Kg2 Rh7 31. Rxh7 Qxh7 32. a3 Ra7 33. Rh1 Qg7 34. Qg3
Nf5 35. Bxf5 gxf5 36. Kf2 b6 37. Qf3 Qb7 38. Qd1 Qg7 39. Rh6 Ng6 40. Qh5 Nf8
41. Qh1 Re7 42. Qc6 e5 43. Qd5+ Rf7 44. fxe5 Ng6 45. e6 Re7 46. Qd8+ 1-0

[Event "37 Open Vila de Sitges 2011"]
[Site "Sitges (ESP)"]
[Date "2011.07.24"]
[Round "3.7"]
[White "Phadke, Sohan"]
[Black "Djuric, Stefan"]
[Result "0-1"]
[WhiteElo "2252"]
[BlackElo "2445"]
[PlyCount "68"]
[EventDate "2011.07.22"]
[EventType "swiss"]
[EventRounds "9"]
[EventCountry "ESP"]

1. e4 g6 2. d4 Bg7 3. Nc3 c6 4. f4 d5 5. e5 h5 6. Nf3 Nh6 7. Be3 Bg4 8. h3 Nf5
9. Bf2 Bxf3 10. Qxf3 h4 11. Bd3 e6 12. O-O Nd7 13. Ne2 Bf8 14. b3 Ba3 15. Rab1
Be7 16. c4 Ng7 17. Nc3 a6 18. c5 a5 19. Rfc1 Nf5 20. Na4 Kf8 21. Qd1 Kg7 22.
Qe1 Qg8 23. b4 axb4 24. Rxb4 Ra7 25. Qd1 Ng3 26. Rcb1 Qa8 27. Nc3 Bd8 28. Qb3
Ba5 29. Rxb7 Rxb7 30. Qxb7 Qxb7 31. Rxb7 Bxc3 32. Rxd7 Ra8 33. f5 gxf5 34. Be3
Rxa2 0-1

[Event "37 Open Vila de Sitges 2011"]
[Site "Sitges (ESP)"]
[Date "2011.07.24"]
[Round "3.8"]
[White "Cruz, Jonathan"]
[Black "Coll Enriquez, Lluis"]
[Result "1-0"]
[WhiteElo "2406"]
[BlackElo "2190"]
[PlyCount "71"]
[EventDate "2011.07.22"]
[EventType "swiss"]
[EventRounds "9"]
[EventCountry "ESP"]

1. d4 Nf6 2. c4 e5 3. dxe5 Ng4 4. Nf3 Nc6 5. e3 Ngxe5 6. Be2 Be7 7. Nc3 O-O 8.
O-O Nxf3+ 9. Bxf3 Ne5 10. Be2 c6 11. f4 Ng6 12. Kh1 d6 13. Bd3 Re8 14. e4 Bf6
15. Bd2 a6 16. a4 Bd4 17. Rb1 Bd7 18. Ne2 Bf6 19. c5 Bg4 20. Qc2 dxc5 21. e5
Be7 22. a5 Qd7 23. Rbd1 Rad8 24. Bc3 Qc7 25. h3 Bxe2 26. Qxe2 Nf8 27. Qg4 Qc8
28. f5 Rd5 29. Bc4 Rxd1 30. Bxf7+ Kxf7 31. Qc4+ Ne6 32. fxe6+ Kg8 33. Rxd1 Rd8
34. Rd7 Re8 35. Rd1 Kh8 36. Rd7 1-0

[Event "37 Open Vila de Sitges 2011"]
[Site "Sitges (ESP)"]
[Date "2011.07.24"]
[Round "3.9"]
[White "Moskalenko, Viktor"]
[Black "Avila Jimenez, Javier"]
[Result "0-1"]
[WhiteElo "2591"]
[BlackElo "2257"]
[PlyCount "58"]
[EventDate "2011.07.22"]
[EventType "swiss"]
[EventRounds "9"]
[EventCountry "ESP"]

1. d4 d5 2. c4 c6 3. Nf3 Nf6 4. Nc3 dxc4 5. a4 Bf5 6. Ne5 Nbd7 7. Nxc4 Nb6 8.
Ne5 a5 9. g3 g6 10. Bg2 Bg7 11. O-O O-O 12. e3 Nfd7 13. Nxd7 Qxd7 14. Qb3 Ra6
15. Rd1 Bh3 16. Bxh3 Qxh3 17. e4 Nd7 18. Be3 Rb6 19. Qc2 Nf6 20. f3 h5 21. d5
Ra6 22. d6 exd6 23. Rxd6 Ne8 24. Rd3 Nc7 25. Rad1 Raa8 26. Ne2 Ne6 27. Kh1 Nc7
28. Bb6 Qc8 29. Rd8 Rxd8 0-1

[Event "37 Open Vila de Sitges 2011"]
[Site "Sitges (ESP)"]
[Date "2011.07.25"]
[Round "4.1"]
[White "Djuric, Stefan"]
[Black "Barsov, Alexei"]
[Result "1/2-1/2"]
[WhiteElo "2445"]
[BlackElo "2534"]
[PlyCount "20"]
[EventDate "2011.07.22"]
[EventType "swiss"]
[EventRounds "9"]
[EventCountry "ESP"]

1. e4 e6 2. d4 d5 3. Nd2 c5 4. exd5 Qxd5 5. Ngf3 cxd4 6. Bc4 Qd6 7. O-O Nf6 8.
Nb3 Nc6 9. Nbxd4 Nxd4 10. Qxd4 Bd7 1/2-1/2